| 000 | 00912nmm a2200277 a 4500 | ||
|---|---|---|---|
| 001 | ocm0002146620 | ||
| 003 | TR-IsHL | ||
| 005 | 20201028183401.0 | ||
| 008 | 190330s2018 tu tur | ||
| 007 | cr cn | ||
| 020 | _a9786052186640 | ||
| 035 |
_a2146620 _b(N$T) |
||
| 050 | 0 | 4 |
_aPL248.B345 _bU8 2018 |
| 090 | 0 | 4 |
_aPL248.B345 _bU8 2018 |
| 100 | 1 | _aBağmen, Ayşenur | |
| 245 | 1 | 0 |
_aUçan balon havalarda _h[electronic resource] / _cAyşenur Bağmen ; editör Lilay Koradan |
| 260 |
_aİstanbul : _bAZ Kitap, _c2018 |
||
| 300 | _a77 p. | ||
| 650 | 4 | _aDil ve Edebiyat | |
| 650 | 4 | _aLanguage and Literature | |
| 650 | 0 |
_aÇocuk Edebiyatı _x Hikayeler |
|
| 650 | 0 | _aChildren literature, Turkish | |
| 650 | 7 |
_aLITERARY COLLECTIONS / Middle Eastern _2bisacsh |
|
| 700 | 1 | _aKoradan, Lilay | |
| 856 | 4 | 0 | _uhttp://search.ebscohost.com/login.aspx?direct=true&scope=site&db=e011xww&AN=2146620 |
| 999 |
_c20513 _d20513 |
||